Droit des sûretés.
Spremljeno u:
| Glavni autori: | , , , |
|---|---|
| Format: | Knjiga |
| Jezik: | francuski |
| Izdano: |
Paris, France:
Lexis Nexis,
2007.
|
| Izdanje: | 8e. édtition. |
| Serija: | Manuel.
|
| Teme: | |
| Oznake: |
Dodaj oznaku
Bez oznaka, Budi prvi tko označuje ovaj zapis!
|
MARC
| LEADER | 00000nam a2200000 a 4500 | ||
|---|---|---|---|
| 001 | UCI9431 | ||
| 003 | CL-VaPUC | ||
| 005 | 20220822114359.0 | ||
| 008 | 081120e20070000FR |||||||||||||||||fre|d | ||
| 999 | |c 331968 |d 331966 | ||
| 020 | |a 978-2-7110-0690-8 | ||
| 040 | |c Pontificia Universidad Católica de Valparaíso | ||
| 082 | 0 | 4 | |a 346.4402 CAB 2007 |2 21 |
| 100 | 0 | |a Cabrillac, Michel |e author |9 533186 | |
| 245 | 1 | 0 | |a Droit des sûretés. |
| 250 | |a 8e. édtition. | ||
| 260 | |a Paris, France: |b Lexis Nexis, |c 2007. | ||
| 300 | |a VIII, 765 páginas. | ||
| 490 | 0 | |a Manuel. | |
| 500 | |a c.2 Donación Familia Prof. Alejandro Guzmán Brito. | ||
| 583 | |a last modification |c 20081120 00:00:00 |k Rodrigo Vera | ||
| 650 | 0 | |a Garantías personales |2 CL-VaPUC |9 461209 | |
| 650 | 0 | |a Derecho civil |9 255013 | |
| 650 | 0 | |a Deudor y acreedor |9 256643 | |
| 700 | 0 | |a Mouly, Christian |e author |9 533187 | |
| 700 | 0 | |a Cabrillac, Severine |e author |9 533188 | |
| 700 | 0 | |a Pétel, Philippe |e author |9 533189 | |
| 942 | |c BK |2 ddc |n 0 | ||
| 945 | |d 20081120 00:00:00 |a rbrito | ||
| 952 | |0 0 |1 0 |4 0 |6 346_440200000000000_CAB_2007 |7 0 |8 A |9 419217 |a BIBDER |b BIBDER |d 2019-11-22 |i 4498402 |o 346.4402 CAB 2007 |p 4498402 |r 2023-01-25 |w 2019-11-22 |y BK |k DER | ||
| 952 | |0 0 |1 0 |2 ddc |4 0 |6 346_440200000000000_CAB_2007 |7 1 |8 C_AGB |9 581052 |a BIBDER |b BIBDER |d 2022-02-02 |e Donación |i 5643988 |o 346.4402 CAB 2007 |p 5643988 |r 2023-01-25 |t 2 |w 2022-02-02 |y BK_US |k AGB | ||